00575nam a22001937a 4500999001900000005001700019010001300036020001300049035001300062037000900075082000800084100002800092245005000120246004400170260006800214270004900282300002200331942002800353 c170818d17081820191226151842.0 aA-603669 c15.00a- aA-603669 bBPPD a840 aفہمید ہ بيگم  aفکر و تحقيقcفہمید ہ بيگم  aFikr-o-Tehqeeq (Urdu)bby Fehmida Begum aN.Delhic1990 ء bDr.Fehmida begum.Director Taraqui Urdu Beoro aWest Block1,R.K.Puram,bNew Delhik-e110066 a156 صc22 cm(hb) 2ddccURh840mف ک ر